LEADER 01003nam a2200241 i 4500 001 000000084899 003 CaOOAMICUS 005 20170914000000.0 008 170914s2014 it u000 u ita u 013 $a57139 040 $aSeMil$bita 100 1 $aGessaga, Paolo,$c.$0(OLS)http://semarc/name/71266 245 10$aVivere il vangelo in famiglia :$bla spiritualitą del Padre Nostro /$cDon Paolo Gessaga. 260 $a[S.l. :$bs.n.],$cstampa 2014. 300 $a133 p. ;$c21 cm. 490 0 $aItinerari d'amore 650 4$aPadre Nostro - Meditazioni.$0(OLS)http://semarc/subject/16032 830 0$aItinerari d'amore.$0(OLS)http://semarc/title/400674 850 $aSeMil 852 $aSeMil$W1$xVenegono$y1$m3F IV 655$j49065$B49065$CSeMilBibl$Z2$F52498 $81 961 $aOmaggio: Delpini mons. Mario 996 $6245$aVivere il vangelo in famiglia :$bla spiritualitą del Padre Nostro$9(OLS)http://semarc/title/405583 996 $6260$a[S.l. :$bs.n.]$9(OLS)http://semarc/publisher/29751 LEADER 01126nam a2200241 i 4500 001 000000115407 003 CaOOAMICUS 005 20090828000000.0 008 090828s1994 it u000 u ita u 013 $a88096 040 $aSeMil$bita 110 0 $aSanta Sede : Sacra Congregazione per le Chiese Orientali.$0(OLS)http://semarc/name/67107 245 13$aLe Chiese orientali cattoliche e la vita religiosa :$briflessioni in preparazione al Sinodo dei Vescovi /$cCongregazione per le Chiese orientali. 260 $aCittą del Vaticano :$b[s.n.],$c1994. 300 $a50 p. ;$c24 cm. 500 $aFondo Card. C.M. Martini. 650 4$aChiese Orientali Cattoliche - Vita religiosa.$0(OLS)http://semarc/subject/21126 850 $aSeMil 852 $aSeMil$W1$xVenegono$y1$m2A V 25$j70931$B70931$CSeMilBibl$Z2$F89093 $81 941 1 $a4 961 $aOmaggio: Martini Card. Carlo Maria 996 $6245$aLe Chiese orientali cattoliche e la vita religiosa :$briflessioni in preparazione al Sinodo dei Vescovi$9(OLS)http://semarc/title/169031 996 $6260$aCittą del Vaticano :$b[s.n.]$9(OLS)http://semarc/publisher/29836